000 00547nam a2200217Ia 4500
003 OSt
005 20220928145242.0
006 a|||||r|||| 00| 0
007 ta
008 220927b |||||||| |||| 00| 0 eng d
024 _a79652
037 _cTextual
040 _aSDCL
_cSDCL
_beng
041 _2eng
_aeng
082 _aY:38:(I5), N8
100 _aDiptiviasa D
_9512272
245 0 _aLotus
_b In thought legend and culture.
260 _c1998
942 _hY:38:(I5), N8
_cTEXL
_2CC
999 _c832730
_d832730